[Event "Cali Region-ch (Women)"]
[Site "Cali"]
[Date "2017.04.29"]
[Round "3"]
[White "Mateus, Martha"]
[Black "Burbano Perez, Andrea"]
[Result "1-0"]
[WhiteElo "2116"]
[BlackElo "1279"]
[PlyCount "53"]
[EventDate "2017.04.28"]
[EventType "swiss"]
[EventRounds "7"]
[EventCountry "COL"]
[SourceTitle "CBM 178 Extra"]
[Source "ChessBase"]
[SourceDate "2017.06.22"]
[SourceVersion "1"]
[SourceVersionDate "2017.06.22"]
[SourceQuality "1"]

1. e4 e5 2. Nc3 Nc6 3. g3 Nf6 4. Bg2 Be7 5. Nge2 d6 6. h3 0-0 7. 0-0 Bd7 8. Kh2 Re8 9. f4 h6 10. d3 exf4 11. gxf4 a6 12. Rg1 b5 13. a3 b4 14. axb4 Nxb4 15. Ng3 Rf8 16. e5 dxe5 17. fxe5 Nh7 18. Bxa8 Qxa8 19. Nge4 Bf5 20. Bxh6 Bg6 21. Bf4 Rc8 22. Rg2 c5 23. Qg4 c4 24. h4 Kf8 25. h5 Bxe4 26. dxe4 Ke8 27. Qxg7 1-0